[Event "Royals-Fermi"]
[Site "?"]
[Date "1998.10.27"]
[Round "?"]
[White "Guio, J"]
[Black "Speigel, L"]
[Result "1-0"]
[WhiteElo "1976"]
[BlackElo "2076"]
[PlyCount "67"]
[EventDate "1998.??.??"]

1. e4 e6 2. d4 d5 3. exd5 exd5 4. Bd3 Nc6 5. c3 Bd6 6. Nf3 Bg4 7. h3 Bh5 8. Qb3
Bxf3 9. gxf3 Nge7 10. Be3 Qd7 11. Nd2 f5 12. Bg5 h6 13. Bxe7 Nxe7 14. Rg1 O-O
15. O-O-O a5 16. a3 a4 17. Qc2 c5 18. dxc5 Bxc5 19. Rg2 b5 20. Rdg1 Rf7 21. Kb1
d4 22. Nf1 Qd5 23. Qe2 Nc6 24. cxd4 Bxd4 25. Ne3 Bxe3 26. fxe3 Rb7 27. Qc2 Qxf3
28. Qe2 Qd5 29. Bxb5 Rxb5 30. Qxb5 Qe4+ 31. Ka1 Nd4 32. Rxg7+ Kh8 33. Rh7+ Kxh7
34. Qd7+ 1-0

[Event "Fermi-Royals"]
[Site "?"]
[Date "1998.10.27"]
[Round "?"]
[White "Dorigo, T"]
[Black "Peijffers, S"]
[Result "1/2-1/2"]
[WhiteElo "2133"]
[BlackElo "2057"]
[PlyCount "63"]
[EventDate "1998.??.??"]

1. e4 d6 2. d4 Nf6 3. Nc3 g6 4. Nf3 Bg7 5. Be2 O-O 6. O-O 6... Nc6 { } 7. h3 e5
8. Bg5 Qe8 9. Re1 9... exd4 { } 10. Nb5 Qe7 11. Nfxd4 11... a6 { } 12. Nxc6
bxc6 13. Nd4 { } 13... Bb7 (13... Qxe4 14. Bf3 {traps Q}) 14. Bd3 h6 15. Bh4 { 
} 15... g5 {seems to fatally weaken King} 16. Nf5 Qd7 17. Bg3 17... c5 { } 18.
e5 Nh7 19. Qh5 19... c4 { } 20. e6 (20. Qg4 $1 {threat: Nh6+ winning Q} 20...
Qd8 (20... Qc6 21. Ne7+) (20... Qc8 21. Ne7+) 21. Bxc4 {
with Rad1 coming or Ng7 & h4}) 20... fxe6 21. Bxc4 d5 22. Nxg7 22... Qxg7 { }
23. Rxe6 {threatening Rg6, but...} 23... Nf6 24. Qf3 { } 24... Ne4 { } 25. Qxe4
dxe4 26. Be5 { } 26... Qf7 { } 27. Rc6 (27. Rg6+ Kh7 28. Bxf7 28... Rxf7 {
As in the game, Black is a Pawn down and the rest are scattered, but it is
hard to makeprogress}) 27... Kh7 28. Bxf7 Rxf7 29. Rf6 Raf8 30. Rxf7+ Rxf7 31.
Rd1 Bc6 32. Rd8 {and the rest of the score is illegible} 1/2-1/2

[Event "Fermi-Royals"]
[Site "?"]
[Date "1998.10.27"]
[Round "?"]
[White "Gaines, I"]
[Black "Stinson, M"]
[Result "0-1"]
[WhiteElo "1766"]
[BlackElo "1952"]
[PlyCount "104"]
[EventDate "1998.??.??"]

1. d4 Nf6 2. c4 e6 3. Nf3 c5 4. d5 exd5 5. cxd5 d6 6. Nc3 g6 7. e4 Bg7 8. Bb5+
8... Nbd7 { } 9. Bf4 Qe7 10. O-O O-O 11. Re1 { } 11... Ng4 12. Bxd7 Bxd7 13. a4
13... a6 { } 14. h3 Ne5 15. Nxe5 Bxe5 16. Bxe5 Qxe5 17. Qd2 17... g5 {
Killing f4} 18. Re3 Kh8 19. Rg3 Rg8 20. Re1 { } 20... b5 21. axb5 axb5 22. b3
22... Ra3 { } 23. Na2 f6 24. Nc1 24... Rga8 {
Impressive how Black has built a strong position with such simple threats!} 25.
Qc3 Qxc3 26. Rxc3 26... Re8 { } 27. g4 Kg7 28. Kg2 Rea8 29. Ne2 Ra1 30. Rxa1
30... Rxa1 { } 31. Ng3 Re1 32. Rf3 Kf7 33. Nh5 { } 33... f5 (33... Rxe4 $2 34.
Nxf6 {wins a piece}) 34. exf5 (34. gxf5 $2 34... Rxe4) 34... Rd1 35. Re3 35...
Rxd5 { Black's connected passers should win} 36. f6 Re5 37. Rd3 37... d5 { }
38. f4 gxf4 39. Nxf4 39... Kxf6 { } (39... Bc6 { } 40. Nh5 c4 41. Rd1 (41. bxc4
$2 41... dxc4+)) 40. Nxd5+ $2 40... Rxd5 41. g5+ (41. Rxd5 41... Bc6 {pins R})
41... Rxg5+ 42. Kh2 42... Be6 { } 43. Rd8 Ke5 44. Rb8 Bd7 45. Rh8 45... Bc6 { }
46. h4 Rh5 47. Kg3 Rh6 48. Rg8 { } 48... Rg6+ 49. Rxg6 hxg6 50. Kg4 Kf6 51. h5
gxh5+ 52. Kxh5 52... c4 { A very smooth win!!} 0-1

[Event "Fermi-Royals"]
[Site "?"]
[Date "1998.10.27"]
[Round "?"]
[White "Staples, Carl"]
[Black "Kestner, M"]
[Result "1-0"]
[WhiteElo "1344"]
[BlackElo "1497"]
[PlyCount "87"]
[EventDate "1998.??.??"]

1. Nf3 c5 2. c4 e6 3. g3 Nf6 4. Bg2 Be7 5. O-O O-O 6. Nc3 Nc6 7. d4 cxd4 8.
Nxd4 Qb6 9. Ndb5 Qd8 10. Bf4 Ne8 11. Nd6 e5 12. Nxc8 exf4 13. Nxe7+ Qxe7 14.
Nd5 Qc5 15. Nxf4 Rd8 16. b3 Nf6 17. Nd5 Nxd5 18. Qxd5 Qxd5 19. Bxd5 Nd4 20. e3
Ne2+ 21. Kg2 b6 22. Bf3 Nc3 23. Rfc1 d5 24. Rxc3 dxc4 25. Rxc4 Rd7 26. Rac1 Rd2
27. R1c2 Rxc2 28. Rxc2 Rb8 29. Bb7 Kf8 30. Rc8+ Rxc8 31. Bxc8 Ke7 32. Kf3 h6
33. Ba6 f6 34. Kf4 Kf8 35. Kf5 Ke7 36. h4 Kf8 37. Ke6 Ke8 38. Kd6 g5 39. Kc6 f5
40. Bd3 f4 41. exf4 gxf4 42. Kb7 fxg3 43. fxg3 Ke7 44. Kxa7 1-0

[Event "Royals-Fermi"]
[Site "?"]
[Date "1998.10.27"]
[Round "?"]
[White "Dobrovolny, C"]
[Black "Gomez, Gervasio"]
[Result "0-1"]
[WhiteElo "1757"]
[BlackElo "1604"]
[PlyCount "94"]
[EventDate "1998.??.??"]

1. e4 e5 2. f4 d6 3. Nf3 exf4 4. Bc4 Be6 5. Bxe6 fxe6 6. d4 g5 7. O-O Nd7 8. c3
Qe7 9. Qb3 O-O-O 10. Na3 h6 11. Nc4 e5 12. Na5 Nb6 13. d5 Nf6 14. Re1 Nfd7 15.
a4 Nc5 16. Qc2 g4 17. Nd2 h5 18. b4 Ncd7 19. Nxb7 Kxb7 20. a5 Na8 21. Qd3 Rb8
22. Nb3 Qh4 23. Bd2 f3 24. g3 Qh3 25. Qf1 Qxf1+ 26. Kxf1 Bh6 27. Kf2 Bxd2 28.
Nxd2 Rbf8 29. Rh1 c6 30. dxc6+ Kxc6 31. h4 Nc7 32. c4 a6 33. Rhc1 Kb7 34. Rab1
Ka7 35. b5 axb5 36. cxb5 Ne6 37. Rc6 Ndc5 38. Rxd6 Rd8 39. Rxd8 Rxd8 40. Nc4
Nxe4+ 41. Ke1 Nxg3 42. Nxe5 Nd4 43. Rb2 Re8 44. Kf2 Nh1+ 45. Kg1 Rxe5 46. Kxh1
Re1+ 47. Kh2 Re2+ 0-1

[Event "Excaliburs-Exemplars"]
[Site "?"]
[Date "1998.11.10"]
[Round "?"]
[White "Inumerable, Florintino"]
[Black "Suerth, Frank"]
[Result "1-0"]
[WhiteElo "2283"]
[BlackElo "1599"]
[PlyCount "69"]
[EventDate "1998.??.??"]

1. d4 d5 2. c4 c6 3. Nc3 Bf5 4. cxd5 cxd5 5. Qb3 b6 6. Qxd5 Qxd5 7. Nxd5 Kd7 8.
Bf4 Nc6 9. Nc3 e6 10. e4 Bg6 11. d5 exd5 12. exd5 Nb4 13. Bb5+ Kc8 14. Rd1 Nc2+
15. Ke2 Bc5 16. Nf3 Nf6 17. Rd2 Ng4 18. Bg3 a6 19. Bc6 Ra7 20. a3 Re7+ 21. Kd1
h5 22. b4 Bxf2 23. Bxf2 Nxf2+ 24. Rxf2 Rh6 25. Rxc2 Bxc2+ 26. Kxc2 Kc7 27. Rd1
Rd6 28. Nd4 g6 29. Ndb5+ axb5 30. Nxb5+ Kb8 31. Nxd6 Kc7 32. Nb5+ Kd8 33. a4 f5
34. a5 bxa5 35. Ra1 1-0

[Event "Kemper-UOP"]
[Site "?"]
[Date "1998.12.15"]
[Round "?"]
[White "Siwek, Mark"]
[Black "Stevanovic, Mike"]
[Result "0-1"]
[WhiteElo "2048"]
[BlackElo "2206"]
[PlyCount "122"]
[EventDate "1998.??.??"]

{This game is difficult to figure out at home-I would've been lost over the
board!} 1. d4 1... Nf6 2. Nf3 g6 3. Bg5 Bg7 4. e3 d6 5. Bd3 Nbd7 6. Nbd2 h6 7.
Bh4 O-O 8. c3 { } 8... e5 9. Qc2 a6 10. O-O 10... b5 { } 11. a4 Rb8 12. axb5
axb5 13. Ra5 c6 14. Rfa1 { } 14... Qe8 15. dxe5 dxe5 16. Bg3 { } 16... Nh5 17.
c4 Nxg3 18. hxg3 18... Nc5 { } 19. Bf1 Nb7 20. Ra8 20... Bd7 { } 21. R8a7 21...
b4 {I imagine Black wanted to deny White space, but this allows the P to be
isolated} 22. c5 $1 22... Qe7 23. Nb3 { } 23... Nd8 24. Qd2 Qe6 25. Na5 25...
Bc8 {opens Ra7 onto f7} 26. e4 Re8 27. Bc4 27... Qf6 { White has good pressure,
but Black covers the entry squares. For example, if 28 Nxc6 Nxc6 29 Bf7+, but
28-Qxc6  29 R1a6 would trap Q if Bc8 didnt cover a6 (and c5 needs protection)}
28. Ra4 Bg4 29. Nh2 29... Be6 { } 30. Rxb4 Rxb4 31. Qxb4 31... Bf8 { } 32. Qb6
Bxc4 33. Nxc4 33... Qe6 { } 34. Ne3 {or 34 b3. Don't see a future for Ne3}
34... h5 35. Nf3 Be7 36. Nd2 { } 36... f5 37. b4 f4 38. gxf4 exf4 39. Nec4
39... g5 { Black is brewing an attack, but can White get to King??} 40. Qc7 Nf7
41. Ra6 { } 41... Rc8 42. Qa7 g4 43. b5 { sure looks like a winner} 43... g3
44. f3 (44. Rxc6 gxf2+ 45. Kxf2 Rxc6 46. bxc6 { } 46... Bh4+ (46... Qxc6 $2 47.
Qxe7) 47. Kg1 Qg4 (47... Qxc6 48. Qxf7+ $1 48... Kxf7 49. Ne5+) 48. c7 { }
48... Qd1+ 49. Nf1 (49. Kh2 $4 49... Bg3+ 50. Kh3 Qg4#)) 44... Qf6 { } 45. b6
45... Qd4+ { } 46. Kh1 Bxc5 47. Ra1 47... Rd8 $1 {
setting up Bxb6 since Nxb6 allows capture of Nd2} (47... Qf6 {and Qh4#}) 48.
Qa5 { } 48... Bxb6 49. Qa2 49... Qf6 { MATE cometh!} 50. Nxb6 Qh4+ (50... Rxd2
$1 { } 51. Qxd2 51... Qxa1+ {mating}) 51. Kg1 Qh2+ 52. Kf1 52... Qh1+ { } 53.
Ke2 Qxg2+ 54. Ke1 Qf2+ 55. Kd1 { } 55... g2 56. Nbc4 g1=Q+ 57. Kc2 { } 57...
Qg7 58. Rd1 Qgd4 59. Qb3 59... Qe2 { } 60. Kc1 Qed3 61. Rg1+ 61... Qxg1+ { Wow!
} 0-1

[Event "UOP-Kemper"]
[Site "?"]
[Date "1998.12.15"]
[Round "?"]
[White "Buerger, Ed"]
[Black "Walker, C"]
[Result "1-0"]
[WhiteElo "2026"]
[BlackElo "1718"]
[PlyCount "79"]
[EventDate "1998.??.??"]

1. d4 g6 2. e4 Bg7 3. c4 d6 4. Nc3 Nd7 5. Be3 Ngf6 6. f3 a6 7. Qd2 h6 8. O-O-O
c6 9. Nge2 b6 10. g4 Bb7 11. Ng3 c5 12. Nd5 Rc8 13. Kb1 Ba8 14. h4 b5 15. Nxf6+
Bxf6 16. cxb5 c4 17. Bxh6 axb5 18. g5 b4 19. Qxb4 c3 20. Rc1 cxb2 21. Rxc8 Qxc8
22. Bb5 Rh7 23. gxf6 Rxh6 24. fxe7 Bc6 25. Kxb2 Bxb5 26. Qxb5 Kxe7 27. Qg5+ Ke8
28. Qxh6 Qc4 29. Qe3 Nb6 30. Rc1 f6 31. Ne2 g5 32. hxg5 fxg5 33. Rc2 Qb4+ 34.
Qb3 Na4+ 35. Kb1 Qe1+ 36. Nc1 Qa5 37. Qe6+ Kf8 38. Rc8+ Kg7 39. Rg8+ Kh7 40.
Qg6# 1-0

[Event "UOP-Kemper"]
[Site "?"]
[Date "1998.12.15"]
[Round "?"]
[White "Boldingh, Edwin"]
[Black "Cummuta, Phil"]
[Result "1-0"]
[WhiteElo "1868"]
[BlackElo "1481"]
[PlyCount "107"]
[EventDate "1998.??.??"]

1. e4 c5 2. Nf3 Nc6 3. Bb5 a6 4. Bxc6 bxc6 5. O-O d5 6. d3 Bg4 7. e5 e6 8. Nc3
Ne7 9. Re1 Qc7 10. h3 Bh5 11. Na4 Qa5 12. b3 Nc8 13. Bd2 Qc7 14. g4 Bg6 15. Nh4
Be7 16. Ng2 Na7 17. f4 O-O-O 18. Qf3 Nb5 19. Be3 d4 20. Bf2 h5 21. g5 Qa7 22.
Qxc6+ Kb8 23. Bg3 Nc7 24. Bf2 Nd5 25. Nb2 Nb4 26. Qf3 Nxc2 27. Rac1 Nxe1 28.
Nxe1 Bf5 29. Nc4 g6 30. Na5 Qa8 31. Nc6+ Kc7 32. Nxd8 Qxf3 33. Nxe6+ fxe6 34.
Nxf3 Kd7 35. h4 Bxd3 36. Be1 Rc8 37. Nd2 Bd8 38. Nc4 Rc6 39. Kf2 Bc7 40. Kf3
Ke7 41. Bd2 Kf7 42. Ba5 Bxa5 43. Nxa5 Rc7 44. b4 Bb5 45. Rxc5 Rxc5 46. bxc5 Ke7
47. Nb3 Bc4 48. Nxd4 Bd5+ 49. Ke3 Kd7 50. a3 a5 51. Kd3 a4 52. Kc3 Bb3 53. Nxb3
axb3 54. Kxb3 1-0

[Event "Kemper-UOP"]
[Site "?"]
[Date "1998.12.15"]
[Round "?"]
[White "Olsen, Art"]
[Black "Sajbel, Pat"]
[Result "0-1"]
[WhiteElo "1529"]
[BlackElo "1813"]
[PlyCount "66"]
[EventDate "1998.??.??"]

1. e4 e6 2. d4 d5 3. e5 c5 4. c4 cxd4 5. Qxd4 Nc6 6. Qf4 Nge7 7. Nf3 Ng6 8. Qe3
dxc4 9. Bxc4 Ngxe5 10. Nbd2 Qc7 11. Bb5 Bd6 12. Bxc6+ bxc6 13. O-O Ng4 14. Qg5
f5 15. h3 Nf6 16. Re1 O-O 17. Nc4 Ne4 18. Rxe4 fxe4 19. Nfd2 Bf4 20. Qc5 Rf5
21. Qd4 e3 22. fxe3 Bh2+ 23. Kh1 c5 24. Qc3 Bb7 25. Ne5 Bxe5 26. Qd3 Rf2 27. e4
Raf8 28. Nf3 Bxe4 29. Qxe4 Rf1+ 30. Ng1 Qd6 31. g3 Bxg3 32. Bf4 R8xf4 33. a4
Rxe4 0-1

[Event "UOP-Kemper"]
[Site "?"]
[Date "1998.12.15"]
[Round "?"]
[White "Plett, Mike"]
[Black "McKinney, Tom"]
[Result "1-0"]
[WhiteElo "1786"]
[BlackElo "1310"]
[PlyCount "79"]
[EventDate "1998.??.??"]

1. d4 d5 2. Nf3 Nc6 3. Bf4 e6 4. e3 Bd6 5. Bg3 a6 6. c4 dxc4 7. Bxc4 b5 8. Be2
Bb4+ 9. Nbd2 Bb7 10. O-O Nh6 11. Rc1 Bd6 12. Ne4 Bxg3 13. Nxg3 O-O 14. h3 Qd5
15. b3 Rac8 16. Rc5 Qd6 17. Qc2 Nb4 18. Qb1 f6 19. a3 Nd5 20. Bd3 g6 21. Bxg6
Qd7 22. Be4 Qg7 23. Rfc1 f5 24. Bxd5 Bxd5 25. Qd3 c6 26. Nh5 Qg6 27. Nf4 Qg7
28. Nxd5 exd5 29. Rxc6 Rxc6 30. Rxc6 Qb7 31. Rxh6 Rf7 32. Ne5 Rf8 33. Qe2 Qg7
34. Qh5 a5 35. f4 Rc8 36. Qg5 Qxg5 37. fxg5 Kg7 38. Rb6 b4 39. axb4 axb4 40.
Kf2 1-0

[Event "UOP"]
[Site "?"]
[Date "1998.12.15"]
[Round "?"]
[White "Schoonover, Mike"]
[Black "Van Zile, Charlie"]
[Result "1-0"]
[WhiteElo "1316"]
[BlackElo "1343"]
[PlyCount "61"]
[EventDate "1998.??.??"]

1. e4 e5 2. Nf3 Nc6 3. d4 d5 4. exd5 Qxd5 5. Nc3 Bb4 6. a3 Bxc3+ 7. bxc3 e4 8.
c4 Qd8 9. Qe2 f5 10. Bb2 Nf6 11. Rd1 Qe7 12. Ne5 Bd7 13. Qe3 Nxe5 14. dxe5 Ng4
15. Qf4 O-O-O 16. Be2 g5 17. Qd2 Rhg8 18. Bxg4 fxg4 19. Qd4 Kb8 20. Qxe4 h5 21.
g3 Bc6 22. Rd5 Bxd5 23. cxd5 Qc5 24. c4 Rgf8 25. O-O Qb6 26. Bd4 Qa5 27. e6 Rf3
28. e7 Re8 29. Qe6 Rxa3 30. Qd7 Qa4 31. Qd8+ 1-0

[Event "Pawns-Chargers"]
[Site "?"]
[Date "1998.12.07"]
[Round "?"]
[White "Ellice, Wayne"]
[Black "Warren, Jim"]
[Result "0-1"]
[WhiteElo "1963"]
[BlackElo "2115"]
[PlyCount "118"]
[EventDate "1998.??.??"]

1. d4 Nf6 2. Nf3 e6 3. Bf4 c5 4. e3 Qb6 5. Qc1 { } 5... Nc6 6. c3 cxd4 7. exd4
Be7 8. Nbd2 d5 9. Bd3 Bd7 10. O-O { } 10... Rc8 11. Ne5 Nxe5 12. dxe5 Nh5 13.
Be3 { } 13... d4 14. Bxd4 Bc5 15. Nb3 Bxd4 16. Nxd4 {
White threatens to win Nh5 with g4} 16... f6 17. exf6 (17. Be2 $1 17... fxe5
18. Bxh5+ 18... g6 { } 19. Nf3) 17... Nxf6 18. Re1 O-O 19. h3 { } 19... Qd6 20.
Qe3 Nd5 21. Qe5 Qxe5 22. Rxe5 22... Nf4 { } 23. Rd1 (23. Be4 b6 24. Re1) 23...
Nxd3 24. Rxd3 Rf6 25. Rde3 { } 25... Rcf8 26. f3 Kf7 27. Rc5 Ke7 28. Rc7 28...
Rb8 { } 29. Rc5 (29. Rd3 $1 29... Rd8 (29... Kd8 30. Nxe6+) 30. Rxb7) 29... Kd6
30. Rce5 a6 31. c4 { This gives Black a target and he uses it to turn the tide}
31... Rc8 32. b3 Rc5 33. Rxc5 (33. R5e4 { } 33... Ra5 (33... e5 34. b4 Rc7 35.
c5+) (33... b5 34. cxb5 axb5) 34. Re2 e5 35. b4 Ra4 36. Rxe5 36... Rxb4 { } 37.
Rd5+ Kc7 38. Re7 Rd6 39. Ne6+ Kc6 40. Nd8+ Kc7 41. Rxd6 Kxd6 42. Rxg7) 33...
Kxc5 34. Rd3 34... Rf7 {
Black's King is perfectly placed and now he can undermine the pawn chain} 35.
Nc2 a5 36. a3 { } 36... a4 37. Ne3 axb3 38. Rxb3 38... Bc6 { } 39. Kf2 e5 40.
Ke2 e4 41. fxe4 41... Bxe4 { } 42. Rb2 Rd7 43. Rd2 Rxd2+ 44. Kxd2 { } 44... Kd4
45. g3 Bd3 46. g4 46... g5 { } 47. Nf5+ Bxf5 48. gxf5 Ke5 49. Ke3 49... Kxf5 {
Black wins because he can make an outside passer, while his lone b-pawn holds
the Qside} 50. Kf3 h5 51. a4 Ke5 52. Ke3 b6 53. Kd3 { } 53... g4 54. hxg4 hxg4
55. Ke3 55... g3 { } 56. c5 {doesn't work since Black King in range of a-pawn
and c-passer created is far enough away from g-pawn: The King can't stop both
Ps.} 56... bxc5 57. a5 Kd5 58. a6 Kc6 59. Kf3 c4 0-1

[Event "Chargers-Pawns"]
[Site "?"]
[Date "1998.12.07"]
[Round "?"]
[White "Marcowka, Bob"]
[Black "Logan, Hardie"]
[Result "1-0"]
[WhiteElo "2026"]
[BlackElo "1258"]
[PlyCount "97"]
[EventDate "1998.??.??"]

1. e4 c5 2. Nc3 Nc6 3. a3 g6 4. Nge2 Bg7 5. Nd5 e6 6. Ne3 Nge7 7. h4 d6 8. h5
Ne5 9. d4 cxd4 10. Nxd4 Bd7 11. Be2 Qc7 12. f4 N5c6 13. Nb5 Qb6 14. Nxd6+ Kf8
15. h6 Bd4 16. Rh3 e5 17. Nec4 Qc7 18. Rf3 Bg4 19. Rd3 Be6 20. Bg4 Bxc4 21.
Nxc4 Rd8 22. c3 Bc5 23. Rxd8+ Nxd8 24. Nxe5 Nec6 25. Nd7+ Ke7 26. Nxc5 Re8 27.
Qd7+ Qxd7 28. Bxd7 Rg8 29. Be3 b6 30. Bxc6 Nxc6 31. Nb3 Rd8 32. Rd1 Rc8 33. Nd4
Na5 34. b4 Nc4 35. Bc1 Nd6 36. Kf1 Kf8 37. Re1 Rd8 38. e5 Nb7 39. f5 Rd5 40.
Bg5 Nc5 41. fxg6 Nd3 42. Bf6 fxg6 43. Re3 Nc5 44. g4 Nd7 45. Ne6+ Kf7 46. Ng5+
Kg8 47. c4 Rd2 48. Ke1 Rg2 49. Rd3 1-0

[Event "Excaliburs-Northrup"]
[Site "?"]
[Date "1998.12.21"]
[Round "?"]
[White "Wong, Phil"]
[Black "Minin, Serge"]
[Result "1-0"]
[WhiteElo "2132"]
[BlackElo "2126"]
[PlyCount "85"]
[EventDate "1998.??.??"]

1. d4 g6 2. c4 Bg7 3. Nf3 c6 4. Nc3 d5 5. Bf4 Nf6 6. e3 Bg4 7. h3 Bxf3 8. Qxf3
O-O 9. Be2 dxc4 10. Bxc4 Nbd7 11. O-O Nb6 12. Bb3 Nbd5 13. Be5 a5 14. Nxd5 Nxd5
15. Bxg7 Kxg7 16. Rac1 Nb6 17. a3 a4 18. Ba2 Ra5 19. Rfd1 e6 20. e4 Rb5 21. Qc3
Qf6 22. Rb1 Rd8 23. Bc4 Rg5 24. Bf1 e5 25. dxe5 Qe7 26. f4 Rh5 27. Rxd8 Qxd8
28. Qd3 Qe7 29. Qd4 Nc8 30. Rd1 g5 31. f5 Qc7 32. e6+ Kf8 33. Qd8+ Qxd8 34.
Rxd8+ Ke7 35. Rxc8 fxe6 36. Rc7+ Kd6 37. Rxb7 exf5 38. exf5 Ke5 39. Rc7 Rh6 40.
g4 Kf4 41. Ra7 Ke3 42. Rxa4 Rd6 43. Rc4 1-0

[Event "Northrup-Excaliburs"]
[Site "?"]
[Date "1998.12.21"]
[Round "?"]
[White "Walker, A"]
[Black "Sullivan, Jim"]
[Result "0-1"]
[WhiteElo "1702"]
[BlackElo "1939"]
[PlyCount "64"]
[EventDate "1998.??.??"]

1. Nf3 c5 2. c4 Nc6 3. g3 g6 4. Bg2 Bg7 5. O-O Nf6 6. d4 cxd4 7. Nxd4 7... O-O
{ } 8. Nxc6 dxc6 9. Nc3 Be6 10. Qa4 10... Qb6 { } 11. Rb1 Nd7 12. Be3 Qc7 13.
c5 Bxc3 14. bxc3 { } 14... Bd5 15. Bxd5 15... cxd5 {
White realizes he can't hold Pc5, so just abandons it.} 16. Qb3 (16. Bh6 Rfc8 (
16... Nxc5 17. Qd4 {wins the exchange}) 17. Qd4 { } 17... Nf6 18. Bf4 (18. g4
Qxc5 19. Qe5 Qxc3 20. Qxe7) 18... Qxc5 19. Rxb7 { } 19... Qxc3 20. Qxc3 Rxc3
21. Rxe7) 16... Nxc5 17. Qxd5 b6 18. Bxc5 { } 18... Rad8 19. Bxb6 $1 {
grabbing a P using the desparado piece} 19... axb6 20. Qb3 {
White has a P, but Black has the initiative} 20... Rd2 21. e3 Ra8 22. Rb2 Qd6
23. Rxd2 23... Qxd2 { } 24. Rd1 (24. a4) 24... Qe2 25. a4 25... b5 { } 26. Rd7
{The Rook needs to stay home to defend backrank} (26. axb5 Ra2 27. Rf1 Rb2 28.
Qd5 Qxb5 29. Qd8+ 29... Kg7 { } 30. Qxe7 ({or} 30. Qd4+ 30... Kg8 31. c4))
26... Rxa4 27. Rxe7 Qf3 28. Qb2 { seems to cover backrank, but..} 28... Qd1+
29. Kg2 Qd5+ 30. Kh3 (30. Kg1 Qd1+ 31. Kg2 31... Ra1 { } 32. Re8+ Kg7 33. c4+
Kh6 34. cxb5 Qf1+ 35. Kf3 35... Qd1+ { } 36. Qe2 Qd5+ 37. e4 (37. Kf4 $4 37...
Qf5#) (37. Kg4 $4 37... Qf5+ 38. Kh4 g5#) 37... Qh5+ 38. g4 (38. Ke3 $4 {
loses Q} 38... Ra3+ 39. Kd2 Ra2+) 38... Qh3+ { } 39. Kf4 Qxh2+ 40. Kf3 Ra3+)
30... Qc4 { } 31. f3 (31. Re8+ Kg7 32. Qd2 Ra2 33. Qd4+ Qxd4 34. exd4 Rxf2 35.
Rb8 { } 35... Rf5) 31... Ra2 32. Qb4 32... Qf1+ {Ra4 follows} 0-1

[Event "Northrup-Excaliburs"]
[Site "?"]
[Date "1998.12.21"]
[Round "?"]
[White "Elek, G"]
[Black "Wietz, Ron"]
[Result "0-1"]
[WhiteElo "1098"]
[BlackElo "1673"]
[PlyCount "66"]
[EventDate "1998.??.??"]

1. e4 c5 2. Nf3 d6 3. h3 Nf6 4. d3 g6 5. Nc3 Bg7 6. Be2 Nc6 7. O-O O-O 8. Bd2
Bd7 9. Qc1 Re8 10. Bh6 Bh8 11. Qg5 a6 12. Nh4 Nd4 13. Bd1 b5 14. Nxg6 fxg6 15.
f4 Ne6 16. Qg3 Ng7 17. f5 Nfh5 18. Bxh5 Nxh5 19. Qg5 e6 20. Qf4 exf5 21. exf5
Qf6 22. Nd5 Qd4+ 23. Qxd4 Bxd4+ 24. Kh2 Ra7 25. fxg6 hxg6 26. Rf3 Bc6 27. c4
bxc4 28. dxc4 Bxd5 29. cxd5 Rf7 30. Rb3 Kh7 31. Bg5 Re5 32. Rb6 Rxg5 33. Rxd6
Be5+ 0-1

[Event "Exemplars-Sears"]
[Site "?"]
[Date "1998.12.22"]
[Round "?"]
[White "Benesa, Arnulfo"]
[Black "Miller, Tom"]
[Result "1-0"]
[WhiteElo "2241"]
[BlackElo "1830"]
[PlyCount "55"]
[EventDate "1998.??.??"]

1. Nf3 g6 2. g3 Bg7 3. d4 Nf6 4. Bg2 d6 5. c4 O-O 6. Nc3 b6 7. Ne5 c6 8. Nxc6
Nxc6 9. Bxc6 Rb8 10. Bg2 Bb7 11. e4 Qc7 12. b3 a6 13. a4 Bc6 14. O-O Bd7 15.
Bd2 Rfd8 16. h3 Ne8 17. Nd5 Qa7 18. Nxe7+ Kf8 19. Nd5 Bxd4 20. Bg5 Bxa1 21.
Bxd8 Bg7 22. Be7+ Kg8 23. Bg5 h6 24. Be3 Be6 25. a5 Bxd5 26. exd5 Nf6 27. axb6
Qb7 28. b4 1-0

[Event "Sears-Exemplars"]
[Site "?"]
[Date "1998.12.22"]
[Round "?"]
[White "Sims, L"]
[Black "Gazmen, Burt"]
[Result "1/2-1/2"]
[WhiteElo "1821"]
[BlackElo "2105"]
[PlyCount "76"]
[EventDate "1998.??.??"]

1. e4 c5 2. Nc3 Nc6 3. g3 g6 4. Bg2 Bg7 5. d3 e6 6. Be3 Nge7 7. Qd2 Nd4 8. Nce2
d5 9. c3 Nxe2 10. Nxe2 b6 11. d4 cxd4 12. cxd4 Ba6 13. O-O O-O 14. Rfd1 Qd7 15.
Nc3 Rac8 16. exd5 exd5 17. Rac1 Bb7 18. Qd3 Rfe8 19. Bf4 a6 20. b3 b5 21. a4 b4
22. Ne2 Qf5 23. Qd2 Nc6 24. Be3 Bf8 25. Nf4 Rcd8 26. Nd3 Na5 27. Qb2 Nc6 28.
Nc5 Bxc5 29. Rxc5 Qh5 30. Rdc1 Ne7 31. Qd2 Bc8 32. Qxb4 Bh3 33. Rc7 Bxg2 34.
Kxg2 Nf5 35. Qd2 Nd6 36. f3 Qf5 37. Bf4 Qe6 38. Bxd6 Rxd6 1/2-1/2

[Event "Sears-Exemplars"]
[Site "?"]
[Date "1998.12.22"]
[Round "?"]
[White "Balase, Esther"]
[Black "Friske, Tom"]
[Result "*"]
[WhiteElo "1371"]
[BlackElo "1970"]
[PlyCount "62"]
[EventDate "1998.??.??"]

1. e4 Nf6 2. f3 c5 3. g4 d5 4. d3 dxe4 5. h3 exf3 6. Qxf3 Nc6 7. Bg5 Be6 8. Na3
Bd5 9. Qg3 Bxh1 10. O-O-O Nd5 11. Nf3 Qd6 12. Qf2 f6 13. Bh4 Qf4+ 14. Kb1 Qxf3
15. Be2 Qxf2 16. Bxf2 Bg2 17. Nb5 O-O-O 18. Bxc5 b6 19. Bf2 Nf4 20. Re1 Nxe2
21. Rxe2 e5 22. Bg3 Bxh3 23. g5 Nd4 24. Nxd4 Rxd4 25. Bf2 Rf4 26. b3 Bc5 27.
Bxc5 bxc5 28. gxf6 gxf6 29. c3 Rg8 30. Kb2 Rg2 31. Rxg2 Bxg2 *

[Event "Case-Chargers"]
[Site "?"]
[Date "1998.12.21"]
[Round "?"]
[White "Roytburg, Eugene"]
[Black "Warren, Jim"]
[Result "0-1"]
[WhiteElo "2020"]
[BlackElo "2115"]
[PlyCount "54"]
[EventDate "1998.??.??"]

1. e4 c6 2. d4 d5 3. Nc3 dxe4 4. Nxe4 Bf5 5. Ng3 Bg6 6. Nf3 Nd7 7. Bd3 { } 7...
Bxd3 8. Qxd3 Ngf6 9. O-O e6 10. Re1 Be7 11. Bg5 O-O 12. Rad1 {
White has space, development, Rooks ready, but what threats??} 12... h6 13. Bc1
c5 14. Qb5 { } 14... Qb6 15. Qd3 cxd4 16. Nxd4 16... Bc5 { } 17. Re2 {
to cover threat to f2, but ends up weakening backrank} 17... Rad8 18. c3 e5 19.
Ndf5 { } 19... e4 {frees e5 for N} 20. Nxe4 Ne5 21. Qc2 Rxd1+ 22. Qxd1 22...
Rd8 { } 23. Qc2 (23. Nxf6+ $2 23... Qxf6 24. Qc2 { } 24... Qxf5 $1 25. Qxf5
25... Rd1+ {mates next}) 23... Nxe4 24. Rxe4 24... Bxf2+ $1 { } 25. Kh1 Ng6 26.
Be3 { } 26... Qxb2 $1 27. Re8+ 27... Kh7 { Very nicely done by Black!!} 0-1

[Event "Chargers-Case"]
[Site "?"]
[Date "1998.12.21"]
[Round "?"]
[White "Marcowka, R"]
[Black "Kale, S"]
[Result "0-1"]
[WhiteElo "2026"]
[BlackElo "1808"]
[PlyCount "29"]
[EventDate "1998.??.??"]

1. d4 Nf6 2. c4 c5 3. d5 b5 4. cxb5 a6 5. Qb3 g6 6. f3 Bg7 7. e4 O-O 8. Bf4 d6
9. a4 axb5 10. Bxb5 Ba6 11. Ra3 Nh5 12. Bd2 { a standard Benko Gambit position}
12... f5 13. g3 $2 {allows opening around K} 13... fxe4 14. fxe4 14... Qe8 $1
15. Bxe8 $4 { OOPS! White allows Rf1 mate} 0-1